<?xml version="1.0" encoding="UTF-8"?>
<record
    xmlns:xsi="http://www.w3.org/2001/XMLSchema-instance"
    xsi:schemaLocation="http://www.loc.gov/MARC21/slim http://www.loc.gov/standards/marcxml/schema/MARC21slim.xsd"
    xmlns="http://www.loc.gov/MARC21/slim">

  <leader>03173nam a2200277Ia 4500</leader>
  <controlfield tag="003">OSt</controlfield>
  <controlfield tag="005">20210810111654.0</controlfield>
  <controlfield tag="008">210310t2015    sp ad  fr     000 0dspa d</controlfield>
  <datafield tag="020" ind1=" " ind2=" ">
    <subfield code="a">9788492954261</subfield>
  </datafield>
  <datafield tag="040" ind1=" " ind2=" ">
    <subfield code="a">CO-JMCR</subfield>
    <subfield code="c">CO-JMCR</subfield>
  </datafield>
  <datafield tag="041" ind1="0" ind2=" ">
    <subfield code="a">spa</subfield>
  </datafield>
  <datafield tag="082" ind1="0" ind2="4">
    <subfield code="a">332.0415 /</subfield>
    <subfield code="b">M386m</subfield>
    <subfield code="2">23</subfield>
  </datafield>
  <datafield tag="100" ind1="1" ind2=" ">
    <subfield code="a">Mart&#xED;n Mar&#xED;n, Jos&#xE9; Luis, </subfield>
    <subfield code="9">16866</subfield>
    <subfield code="e">autor</subfield>
  </datafield>
  <datafield tag="245" ind1="1" ind2="0">
    <subfield code="a">Mercados de activos financieros / </subfield>
    <subfield code="c">Jos&#xE9; Luis Mart&#xED;n Mar&#xED;n, Antonio Trujillo Ponce</subfield>
  </datafield>
  <datafield tag="250" ind1=" " ind2=" ">
    <subfield code="a">Primera edici&#xF3;n</subfield>
  </datafield>
  <datafield tag="260" ind1=" " ind2=" ">
    <subfield code="a">Madrid : </subfield>
    <subfield code="b">Delta Publicaciones Universitarias, </subfield>
    <subfield code="c">&#xA9;2015</subfield>
  </datafield>
  <datafield tag="300" ind1=" " ind2=" ">
    <subfield code="a">xviii, 576 p&#xE1;ginas : </subfield>
    <subfield code="b">ilustraciones y gr&#xE1;ficas a blanco y negro ; </subfield>
    <subfield code="c">24 cm.</subfield>
  </datafield>
  <datafield tag="500" ind1=" " ind2=" ">
    <subfield code="a">Incluye datos biogr&#xE1;ficos de los autores.</subfield>
  </datafield>
  <datafield tag="504" ind1=" " ind2=" ">
    <subfield code="a">Bibliograf&#xED;a al final de cada cap&#xED;tulo.</subfield>
  </datafield>
  <datafield tag="505" ind1="0" ind2=" ">
    <subfield code="a">Descripci&#xF3;n y caracter&#xED;sticas de los mercados financieros -- Mercado monetario -- Mercado de capitales: mediadores y activos -- Mercado de capitales: estructura y funcionamiento -- La estructura de los tipos de inter&#xE9;s -- Mercados derivados no organizados de tipos de inter&#xE9;s -- Futuros financieros -- Operaciones financieras -- Mercados de divisas, eurodivisas y eurobonos -- La fiscalidad de la inversi&#xF3;n financiera</subfield>
  </datafield>
  <datafield tag="520" ind1="3" ind2=" ">
    <subfield code="a">El objetivo fundamental de este manual es dar una visi&#xF3;n pormenorizada de los mercados de activos financieros en Espa&#xF1;a y de las operaciones que, en ellos, pueden realizar los inversores.
Los autores ofrecen una descripci&#xF3;n de los principales activos, agentes y sistemas de negociaci&#xF3;n que se dan en los mercados financieros de modo que el lector pueda entrar, un tanto, en el interior de los mismos y extraer conocimientos y datos que le sean de inter&#xE9;s. Se ha procurado, en todo momento, un enfoque pr&#xE1;ctico de los diversos asuntos tratados, huyendo, en lo posible, de planteamientos excesivamente te&#xF3;ricos.
La obra se estructura en diez cap&#xED;tulos: en los cuatro primeros se describen los mercados monetarios y de capitales en nuestro pa&#xED;s, en el quinto, que sirve de enlace con los siguientes, se analiza la formaci&#xF3;n de los tipos de inter&#xE9;s en el mercado; en los cap&#xED;tulos sexto a octavo se estudian los nuevos activos derivados tales como futuros y opciones y operaciones especiales como los FRA y los swaps. El cap&#xED;tulo noveno se dedica al mercado de divisas y el d&#xE9;cimo a los aspectos fiscales de la inversi&#xF3;n financiera.
El texto puede ser de utilidad para dos colectivos relativamente diferenciados: el de estudiantes de finanzas, sobre todo en los grados o m&#xE1;sters de Administraci&#xF3;n y Direcci&#xF3;n de Empresas y de Finanzas y Contabilidad, y el de profesionales en un sentido amplio, tales como economistas, abogados, asesores fiscales, intermediarios, etc., que, a diario, deben tomar decisiones de inversi&#xF3;n, o aconsejar sobre las mismas, en los mercados financieros. Tambi&#xE9;n, ciertamente, el inversor, tanto individual como societario, puede encontrar en las p&#xE1;ginas que siguen una ayuda para la correcta planificaci&#xF3;n de sus operaciones financieras en el mercado.
</subfield>
  </datafield>
  <datafield tag="650" ind1="1" ind2="4">
    <subfield code="a">Mercado de dinero</subfield>
    <subfield code="9">16868</subfield>
  </datafield>
  <datafield tag="650" ind1="2" ind2="4">
    <subfield code="a">Movimientos de capital</subfield>
    <subfield code="9">39224</subfield>
  </datafield>
  <datafield tag="700" ind1="1" ind2=" ">
    <subfield code="a">Trujillo Ponce, Antonio, </subfield>
    <subfield code="e">autor</subfield>
    <subfield code="9">39225</subfield>
  </datafield>
  <datafield tag="942" ind1=" " ind2=" ">
    <subfield code="2">ddc</subfield>
    <subfield code="c">BK</subfield>
  </datafield>
  <datafield tag="999" ind1=" " ind2=" ">
    <subfield code="c">8293</subfield>
    <subfield code="d">8293</subfield>
  </datafield>
  <datafield tag="952" ind1=" " ind2=" ">
    <subfield code="0">0</subfield>
    <subfield code="1">0</subfield>
    <subfield code="2">ddc</subfield>
    <subfield code="4">0</subfield>
    <subfield code="7">0</subfield>
    <subfield code="8">NFIC</subfield>
    <subfield code="a">CPL</subfield>
    <subfield code="b">CPL</subfield>
    <subfield code="d">2018-04-15</subfield>
    <subfield code="e">Donaci&#xF3;n</subfield>
    <subfield code="o">332.0415 / M386m</subfield>
    <subfield code="p">430000801</subfield>
    <subfield code="r">2024-05-16 00:00:00</subfield>
    <subfield code="t">Ej.1</subfield>
    <subfield code="y">BK</subfield>
  </datafield>
</record>
